000 00463nam a2200193Ia 4500
005 20240823044452.0
008 240823s9999||||xx |||||||||||||| ||und||
020 _a81-7505-019-5
041 _aENGLISH
082 _A181.4 N6
100 _aSwami Viveakandar
245 0 _aTo the Youth of India
250 _a1st
260 _c1996
_bAdvaita As
500 _aTRANSFERED
650 _aYouth of India
_bAerospace Engineering
942 _cBK
999 _c212657
_d212657